000 00610nam a22002177a 4500
005 20170124110222.0
010 _a028680
020 _c00.00
035 _a028680
037 _bCen Lib/Ret
040 _aDPL
_bEN
082 _a027.8
_bASH
100 _aAshburner, E.H.
_940014
245 _aModern public libraries :
_cby E.H.Ashburner
_btheir planning and design /
260 _aLondon
_bGrafton & Co.
_c1946
300 _a179p. :
_c20cm(Hb)
_bill.
500 _aIncludes index
650 _aLibrary architecture
_938709
650 _aLibraries
_94519
942 _2ddc
_cEN
_h027.8
_mASH
999 _c134182
_d134182